Statistiques concernant Harry Potter: les Pendules du Terrier

Cliquez ici pour prendre le quiz!

Statistiques générales

  • Ce quiz a été pris 47 fois
  • Le résultat moyen est 9 sur 16

Statistiques - réponses

InformationRéponses% Correct
InscriptionEn danger de mort
98%
Première apparitionHarry Potter et la Chambre des Secrets
95%
PropriétaireFamille Weasley
93%
Dernière apparitionHarry Potter et le Prince de Sang-Mêlé
88%
Nombre d'aiguilles9
80%
Nombre d'aiguille1
78%
InscriptionA l'école
73%
InscriptionA la maison
71%
InscriptionAu travail
66%
Localisation de la 1ereCuisine
51%
Localisation de la 2emeSalon
44%
InscriptionEn prison
17%
UtilisationMontrer où se trouvent chaque Weasley
12%
InscriptionHeure du thé
10%
InscriptionTu es en retard
10%
InscriptionHeure de nourrir les poulets
7%

Distribution des résultats

Percentile par nombre de réponses

% des personnes avec chaque résultat

Votre développement - résultats

Vous n’avez pas pris ce quiz